000 00544nam a2200193Mi 4500
020 _a9789251058978
020 _a9251058970
040 _cNLGGC
082 _a639 FOO 2008 A083 Or.
245 0 0 _aCase studies in fisheries self-governance /
260 _aRome :
_bFood and Agriculture Organization of the United Nations,
_c2008
300 _aX, 451 p. :
_bfig., tab. ;
_c30 cm
650 0 _aFishery management
650 0 _aAquatic resources
700 1 _aTownsend, R. D
700 1 _aShotton, Ross,
700 1 _aUchida, H
942 _cEK
999 _c16014
_d16014